<?xml version="1.0" encoding="UTF-8"?>
<record
    xmlns:xsi="http://www.w3.org/2001/XMLSchema-instance"
    xsi:schemaLocation="http://www.loc.gov/MARC21/slim http://www.loc.gov/standards/marcxml/schema/MARC21slim.xsd"
    xmlns="http://www.loc.gov/MARC21/slim">

  <leader>00354nam a22001457a 4500</leader>
  <controlfield tag="008">230524b        |||||||| |||| 00| 0 eng d</controlfield>
  <datafield tag="020" ind1=" " ind2=" ">
    <subfield code="a">9789332581180</subfield>
  </datafield>
  <datafield tag="100" ind1=" " ind2=" ">
    <subfield code="a">R. I. Levin &amp; D. S. Rubin</subfield>
  </datafield>
  <datafield tag="245" ind1=" " ind2=" ">
    <subfield code="a">Statistics for Management </subfield>
  </datafield>
  <datafield tag="250" ind1=" " ind2=" ">
    <subfield code="a">8th Ed.</subfield>
  </datafield>
  <datafield tag="260" ind1=" " ind2=" ">
    <subfield code="a">UP</subfield>
    <subfield code="b">Pearson Pub.</subfield>
    <subfield code="c">2023</subfield>
  </datafield>
  <datafield tag="300" ind1=" " ind2=" ">
    <subfield code="a">985</subfield>
  </datafield>
  <datafield tag="546" ind1=" " ind2=" ">
    <subfield code="a">English</subfield>
  </datafield>
  <datafield tag="942" ind1=" " ind2=" ">
    <subfield code="2">ddc</subfield>
    <subfield code="c">BK</subfield>
  </datafield>
  <datafield tag="999" ind1=" " ind2=" ">
    <subfield code="c">20047</subfield>
    <subfield code="d">20047</subfield>
  </datafield>
  <datafield tag="952" ind1=" " ind2=" ">
    <subfield code="p">LLB 646</subfield>
    <subfield code="g">900.00</subfield>
    <subfield code="i">13-5-2023</subfield>
    <subfield code="l">0</subfield>
    <subfield code="e">ABD Publisher, Jammu</subfield>
    <subfield code="r">2024-04-16 00:00:00</subfield>
    <subfield code="w">2023-05-24</subfield>
    <subfield code="y">BK</subfield>
    <subfield code="0">0</subfield>
    <subfield code="4">0</subfield>
    <subfield code="7">1</subfield>
    <subfield code="a">MIETLIB</subfield>
    <subfield code="b">MIETLIB</subfield>
    <subfield code="c">184/1</subfield>
    <subfield code="d">2023-05-15</subfield>
    <subfield code="1">0</subfield>
    <subfield code="H">BBA LLB</subfield>
  </datafield>
  <datafield tag="952" ind1=" " ind2=" ">
    <subfield code="p">LLB 647</subfield>
    <subfield code="g">900.00</subfield>
    <subfield code="i">13-5-2023</subfield>
    <subfield code="l">0</subfield>
    <subfield code="e">ABD Publisher, Jammu</subfield>
    <subfield code="r">2024-04-16 00:00:00</subfield>
    <subfield code="w">2023-05-24</subfield>
    <subfield code="y">BK</subfield>
    <subfield code="0">0</subfield>
    <subfield code="4">0</subfield>
    <subfield code="7">0</subfield>
    <subfield code="a">MIETLIB</subfield>
    <subfield code="b">MIETLIB</subfield>
    <subfield code="c">182/5</subfield>
    <subfield code="d">2023-05-15</subfield>
    <subfield code="1">0</subfield>
    <subfield code="H">BBA LLB</subfield>
  </datafield>
  <datafield tag="952" ind1=" " ind2=" ">
    <subfield code="p">LLB 648</subfield>
    <subfield code="g">900.00</subfield>
    <subfield code="i">13-5-2023</subfield>
    <subfield code="l">0</subfield>
    <subfield code="e">ABD Publisher, Jammu</subfield>
    <subfield code="r">2024-04-16 00:00:00</subfield>
    <subfield code="w">2023-05-24</subfield>
    <subfield code="y">BK</subfield>
    <subfield code="0">0</subfield>
    <subfield code="4">0</subfield>
    <subfield code="7">0</subfield>
    <subfield code="a">MIETLIB</subfield>
    <subfield code="b">MIETLIB</subfield>
    <subfield code="c">182/5</subfield>
    <subfield code="d">2023-05-15</subfield>
    <subfield code="1">0</subfield>
    <subfield code="H">BBA LLB</subfield>
  </datafield>
  <datafield tag="952" ind1=" " ind2=" ">
    <subfield code="p">LLB 649</subfield>
    <subfield code="g">900.00</subfield>
    <subfield code="i">13-5-2023</subfield>
    <subfield code="l">0</subfield>
    <subfield code="e">ABD Publisher, Jammu</subfield>
    <subfield code="r">2024-04-16 00:00:00</subfield>
    <subfield code="w">2023-05-24</subfield>
    <subfield code="y">BK</subfield>
    <subfield code="0">0</subfield>
    <subfield code="4">0</subfield>
    <subfield code="7">0</subfield>
    <subfield code="a">MIETLIB</subfield>
    <subfield code="b">MIETLIB</subfield>
    <subfield code="c">182/5</subfield>
    <subfield code="d">2023-05-15</subfield>
    <subfield code="1">0</subfield>
    <subfield code="H">BBA LLB</subfield>
  </datafield>
  <datafield tag="952" ind1=" " ind2=" ">
    <subfield code="p">LLB 650</subfield>
    <subfield code="g">900.00</subfield>
    <subfield code="i">13-5-2023</subfield>
    <subfield code="l">0</subfield>
    <subfield code="e">ABD Publisher, Jammu</subfield>
    <subfield code="r">2024-04-16 00:00:00</subfield>
    <subfield code="w">2023-05-24</subfield>
    <subfield code="y">BK</subfield>
    <subfield code="0">0</subfield>
    <subfield code="4">0</subfield>
    <subfield code="7">0</subfield>
    <subfield code="a">MIETLIB</subfield>
    <subfield code="b">MIETLIB</subfield>
    <subfield code="c">182/5</subfield>
    <subfield code="d">2023-05-15</subfield>
    <subfield code="1">0</subfield>
    <subfield code="H">BBA LLB</subfield>
  </datafield>
  <datafield tag="952" ind1=" " ind2=" ">
    <subfield code="p">LLB 843</subfield>
    <subfield code="g">900.00</subfield>
    <subfield code="i">13-5-2023</subfield>
    <subfield code="l">0</subfield>
    <subfield code="e">ABD Jammu.</subfield>
    <subfield code="r">2023-05-30 00:00:00</subfield>
    <subfield code="w">2023-05-23</subfield>
    <subfield code="y">BK</subfield>
    <subfield code="0">0</subfield>
    <subfield code="4">0</subfield>
    <subfield code="7">0</subfield>
    <subfield code="a">MIETLIB</subfield>
    <subfield code="b">MIETLIB</subfield>
    <subfield code="c">182/5</subfield>
    <subfield code="d">2023-05-26</subfield>
    <subfield code="1">0</subfield>
    <subfield code="H">BBA LLB</subfield>
  </datafield>
  <datafield tag="952" ind1=" " ind2=" ">
    <subfield code="p">LLB 844</subfield>
    <subfield code="g">900.00</subfield>
    <subfield code="i">13-5-2023</subfield>
    <subfield code="l">0</subfield>
    <subfield code="e">ABD Jammu.</subfield>
    <subfield code="r">2023-05-30 00:00:00</subfield>
    <subfield code="w">2023-05-30</subfield>
    <subfield code="y">BK</subfield>
    <subfield code="0">0</subfield>
    <subfield code="4">0</subfield>
    <subfield code="7">0</subfield>
    <subfield code="a">MIETLIB</subfield>
    <subfield code="b">MIETLIB</subfield>
    <subfield code="c">182/5</subfield>
    <subfield code="d">2023-05-26</subfield>
    <subfield code="1">0</subfield>
    <subfield code="H">BBA LLB</subfield>
  </datafield>
  <datafield tag="952" ind1=" " ind2=" ">
    <subfield code="p">LLB 845</subfield>
    <subfield code="g">900.00</subfield>
    <subfield code="i">13-5-2023</subfield>
    <subfield code="l">0</subfield>
    <subfield code="e">ABD Jammu.</subfield>
    <subfield code="r">2023-05-30 00:00:00</subfield>
    <subfield code="w">2023-05-30</subfield>
    <subfield code="y">BK</subfield>
    <subfield code="0">0</subfield>
    <subfield code="4">0</subfield>
    <subfield code="7">0</subfield>
    <subfield code="a">MIETLIB</subfield>
    <subfield code="b">MIETLIB</subfield>
    <subfield code="c">182/5</subfield>
    <subfield code="d">2023-05-26</subfield>
    <subfield code="1">0</subfield>
    <subfield code="H">BBA LLB</subfield>
  </datafield>
  <datafield tag="952" ind1=" " ind2=" ">
    <subfield code="p">LLB 846</subfield>
    <subfield code="g">900.00</subfield>
    <subfield code="i">13-5-2023</subfield>
    <subfield code="l">0</subfield>
    <subfield code="e">ABD Jammu.</subfield>
    <subfield code="r">2023-05-30 00:00:00</subfield>
    <subfield code="w">2023-05-30</subfield>
    <subfield code="y">BK</subfield>
    <subfield code="0">0</subfield>
    <subfield code="4">0</subfield>
    <subfield code="7">0</subfield>
    <subfield code="a">MIETLIB</subfield>
    <subfield code="b">MIETLIB</subfield>
    <subfield code="c">182/5</subfield>
    <subfield code="d">2023-05-26</subfield>
    <subfield code="1">0</subfield>
    <subfield code="H">BBA LLB</subfield>
  </datafield>
  <datafield tag="952" ind1=" " ind2=" ">
    <subfield code="p">LLB 847</subfield>
    <subfield code="g">900.00</subfield>
    <subfield code="i">13-5-2023</subfield>
    <subfield code="l">0</subfield>
    <subfield code="e">ABD Jammu.</subfield>
    <subfield code="r">2023-05-30 00:00:00</subfield>
    <subfield code="w">2023-05-30</subfield>
    <subfield code="y">BK</subfield>
    <subfield code="0">0</subfield>
    <subfield code="4">0</subfield>
    <subfield code="7">0</subfield>
    <subfield code="a">MIETLIB</subfield>
    <subfield code="b">MIETLIB</subfield>
    <subfield code="c">182/5</subfield>
    <subfield code="d">2023-05-26</subfield>
    <subfield code="1">0</subfield>
    <subfield code="H">BBA LLB</subfield>
  </datafield>
</record>
